The extraordinary life of Michelle Obama (Record no. 116603)

MARC details
000 -LÍDER
campo de controle de tamanho fixo 00654 a2200241 4500
001 - NÚMERO DE CONTROLE
campo de controle 116603
020 ## - ISBN - INTERNATIONAL STANDARD BOOK NUMBER
ISBN - International Standard Book Number 9780241372739
020 ## - ISBN - INTERNATIONAL STANDARD BOOK NUMBER
Informação qualificadora (paperback)
041 ## - CÓDIGO DE IDIOMA
Código do idioma do texto/trilha sonora ou título diferente eng
082 ## - CDD - CLASSIFICAÇÃO DECIMAL DE DEWEY
Número de Classificação 921
040 ## - FONTE DA CATALOGAÇÃO
Instituição da catalogação original DLC
Idioma da catalogação eng
Instituição que transcreveu o registro DLC
Instituição que modificou o registro BR-BrIDEA
Fontes convencionais de descrições de dados rda
090 ## - NÚMERO DE CHAMADA LOCAL
Número de chamada (OCLC) (R); Número de chamada, CALL (RLIN) (NR) Year 4 921
Número Cutter local (OCLC); Número de classificação do livro, CALL (RLIN) KAN
100 ## - ENTRADA PRINCIPAL--NOME PESSOAL
Nome pessoal Kanani, Sheila
Função do autor por extenso author
245 10 - TÍTULO
Título The extraordinary life of Michelle Obama
Indicação de responsabilidade, etc. Sheila Kanani, Nan Lawson
260 ## - PUBLICAÇÃO, DISTRIBUIÇÃO, ETC.
Nome do editor, distribuidor, etc. Puffin
Data da publicação, distribuição, etc. 2020
300 ## - DESCRIÇÃO FÍSICA
Extensão 113 p.
490 ## - TÍTULO DA SÉRIE
Título da série Extraordinary lives
521 ## - NOTA DO PÚBLICO ALVO
Nota de público alvo Ages 7-11
Fonte Kane Miller, A Division of EDC Publishing
697 ## - ENTRADA DE ASSUNTO LOCAL--ENTIDADE COLETIVA (RLIN)
Nome corporativo ou nome da jurisdição Biography
700 ## - ENTRADA ADICIONADA - NOME PESSOAL
Nome pessoal Lawson, Nan
Função do autor por extenso illustrator
856 ## - LOCALIZAÇÃO ELETRÔNICA E ACESSO
Uniform Resource Identifier <a href="000006/0000061b.jpg">000006/0000061b.jpg</a>
942 ## - ELEMENTOS DE ENTRADA ADICIONADOS (KOHA)
Tipo de material Koha Livros
Holdings
Situação do descarte Situação das perdas Fonte da classificação ou esquema de arquivamento na estante Situação física Não pode ser emprestado Biblioteca de origem Biblioteca atual Data de aquisição Total de empréstimos Número de chamada completo Código de barras Data de último acesso Data do preço efetivo Tipo de material Koha
    Classificação Decimal de Dewey     ECB - SUDOESTE ECB - SUDOESTE 16/03/2020   Year 4 921 KAN 00049613SSW 23/01/2024 23/01/2024 Livros